Statystyki dla Miasta, w których jest najwięcej miliarderów

Kliknij tutaj aby rozwiązać quiz!

Ogólne statystyki

  • Ten quiz został rozwiązany 9 015 razy
    (2 901 od ostatniego zresetowania)
  • Średni wynik to 12 z 24

Statystyki odpowiedzi

#Miasto% Poprawnych
145Nowy Jork
95%
20Paryż
89%
66Londyn
88%
82Moskwa
84%
65Los Angeles
83%
94Pekin
83%
35Tokio
83%
24Chicago
56%
85Szanghaj
55%
42Seul
54%
57Miami
51%
30Delhi
49%
115San Francisco
48%
34Singapur
45%
71Hongkong
39%
28Bangkok
29%
123Kanton / Shenzhen
29%
49Mumbaj
29%
28Sao Paulo
29%
20Sztokholm
29%
25Boston
28%
29Dallas
24%
27Tajpej
22%
50Hangzhou
4%

Rozkład punktacji

Percentyl według liczby udzielonych odpowiedzi

Procent ludzi z każdym wynikiem

Twoja historia wyników

Nie rozwiązałeś tego quizu od ostatniego zresetowania